000 00416nam a2200157 4500
001 124078
003 ES-MaACL
005 20230906192321.0
007 t|
008 070214s1919 xxk r ||||1| eng d
100 1 _aRansome, Arthur.
_995434
245 1 0 _aSix weeks in Rusia in 1919 /
_cby Arthur Ransome.
260 _aLondon :
_bGeorge Allen,
_c1919.
300 _a152 p. ;
_c19 cm.
852 _aES-MaACL
_jF-8454
999 _c124078
_d124078